000 01059cam a22001694a 4500
005 20250605164347.0
008 250528s ||||||||||||||||||||||||d
035 _a23945
040 _aGR-AtMCL
_bgre
_dGR-AtMCL
_eAACR2
245 1 _aΕκσυγχρονίζοντας μια Παραδοσιακή Πρακτική Marketing / In - Store Promotion
260 _c2019
520 _aΤεχνολογία και Personalization Οδηγούν στην Εποχή των Omnipresent Brands, Τα πιο Fabulous Brands Έλαμψαν στην Τελετή Απονομής των FAB Awards, Δραστήρια Lifestyles και Υγιεινό Snacking τα Ενεργειακά Boosts της Κατηγορίας, Τα Μερίδια Αγοράς δεν Είναι τα Μόνα Κριτήρια Επιτυχίας στις Πωλήσεις, Ραδιόφωνο και Διαφήμιση: Μια Σχέση που Ωριμάζει Χρόνο με τον Χρόνο.
710 2 _aMarketing Week
_99824
942 _cCR
999 _c8857
_d8857